Представление документа в формате RUSMARC

ПолеНазваниеЗначение
  Тип записи a
  Библиографический уровень a
001 Контрольный номер RU/IS/BASE/419517540
005 Дата корректировки 20240209175126.9
100 Данные общей обработки __
a Данные общей обработки 20130417d2013 ||| 0rusy0189 ca
101 Язык документа 0_
a Язык текста rus
102 Страна публикации __
a Страна публикации RU
105 Кодированные данные (монография) __
a Кодированные данные (монография) y###||||000|y
200 Заглавие и сведения об ответственности 1_
a Заглавие Чрево жизни
b Общее обозначение материала Текст
e Сведения, относящиеся к заглавию [о фильме Алексея Германа-старшего "Трудно быть богом"]
f Первые сведения об ответственности А. Архангельский
300 Общие примечания __
a Общие примечания Ограничения по возрасту 16 +
461 Уровень набора _0
1 2000
a Огонёк
463 Уровень физической единицы _0
1 001RU/IS/BASE/419514493
1 2000
a №13
v С. 43
1 210
d 2013
600 Персоналии __
a Персоналии (Фамилия) Герман
b Персоналии (Имя, инициалы) А.Ю.
606 Тематические рубрики __
a Основная рубрика Герман, Алексей Юрьевич (1938 - 2013)
610 Ключевые слова __
a Ключевые слова кино
a Ключевые слова режиссеры
a Ключевые слова фильмы
a Ключевые слова художественные фильмы
a Ключевые слова российское кино
a Ключевые слова Трудно быть богом (художественный фильм)
686 Индексы других классификаций __
a Классификационный индекс 85.373(2)
2 Код системы ББК
700 Автор _1
a Фамилия Архангельский
b Имя (инициалы) А.
801 Источник записи _0
a Страна RU
b Организация МБУК ЦБС г. Ульяновска
c Дата составления 20130417
g Правила каталогизации RCR
801 Источник записи _1
a Страна RU
b Организация МБУК ЦБС г. Ульяновска
c Дата составления 20130417
g Правила каталогизации RCR
901 Тип документа __
t Тип документа b
w Контрольный № источника RU/IS/BASE/419514493
910 Корректоры записи __
a Корректор записи Библиотека 8
938 Служебная информация __
a Имя БД period